Optimalizácia riadenia zásob : Bakalárska práca

Na minha lista:
Detalhes bibliográficos
Autor principal: Chatrnúchová, Lucia (Author)
Outros Autores: Cabadaj, Ján, 1944- (xxx)
Formato: Manuscrito Livro
Idioma:eslovaco
Publicado em: Trnava : STU v Bratislave MtF KPIM, 2005
Assuntos:
Tags: Adicionar Tag
Sem tags, seja o primeiro a adicionar uma tag!

MARC

LEADER 00000ntm a22000003a 4500
001 stu96072
005 20160719155258.1
008 051013s2005----xo------------------slo-d
040 |a STU  |b slo 
041 0 |a slo 
044 |a xo 
100 1 |a Chatrnúchová, Lucia  |4 aut 
245 1 |a Optimalizácia riadenia zásob :  |b Bakalárska práca 
260 |a Trnava :  |b STU v Bratislave MtF KPIM,  |c 2005 
300 |a 44 s  |c príl (1 CD) 
650 7 |a priemyselné inžinierstvo a manažment  |2 stusub 
650 7 |a logistika  |2 stusub 
700 1 |a Cabadaj, Ján,  |d 1944-  |4 xxx  |u M190  |U MTF Materiálovotechnologická fakulta  |T MTF Katedra priemyselného inžinierstva a manažmentu  |X 2793  |U M190  |Y 167  |7 A000002793 
996 |b 284M063019  |c M*BP-1341  |l MMSKP  |s P  |a 0  |w stu96072_0001